00247nam a2200097Ia 4500008004100000100001500041245004500056260003200101300000800133650000800141191201s2008 xx 000 0 und d aRAO,V.S.P. 0aHuman Resource Management text and cases aN. DelhibExcel Booksc2008 a709 aBBA